000 00576nam a2200193 i 4500
001 104360
003 ES-MaACL
005 20251001141418.0
007 t|
008 051128s1953 sp ||||1| cat d
100 1 _aMilton, John (
_d1608-1674)
_981300
240 1 0 _aParadise lost.
_lCatalán
245 1 3 _aEl paradis perdut /
_cJohn Milton; traducció i notes per J. Mª Boix i Selva.
260 _aBarcelona :
_bAlpha,
_c1953.
300 _a457 p. ;
_c21 cm.
700 1 _aBoix i Selva, J. M.,
_d1914-
_929907
852 _aES-MaACL
_jC-6563
999 _c104360
_d104360